<?xml version="1.0" encoding="UTF-8"?>
<record
    xmlns:xsi="http://www.w3.org/2001/XMLSchema-instance"
    xsi:schemaLocation="http://www.loc.gov/MARC21/slim http://www.loc.gov/standards/marcxml/schema/MARC21slim.xsd"
    xmlns="http://www.loc.gov/MARC21/slim">

  <leader>01222nam a2200289 a 4500</leader>
  <controlfield tag="001">BRCA_4645</controlfield>
  <controlfield tag="005">20190320204740.0</controlfield>
  <controlfield tag="008">290910s1935----mx-#######---#000-0#spa-#</controlfield>
  <datafield tag="041" ind1=" " ind2=" ">
    <subfield code="a">spa</subfield>
  </datafield>
  <datafield tag="044" ind1=" " ind2=" ">
    <subfield code="a">mx</subfield>
  </datafield>
  <datafield tag="050" ind1=" " ind2="4">
    <subfield code="a">KGF2714</subfield>
    <subfield code="b">.C66 2 1935</subfield>
  </datafield>
  <datafield tag="245" ind1="1" ind2="0">
    <subfield code="a">La Compa&#xF1;&#xED;a Mexicana de Petr&#xF3;leo &#xB4;El Aguila&#xB4;, S. A.</subfield>
    <subfield code="b">frente a los ataques de que est&#xE1; siendo objeto por la explotaci&#xF3;n que hizo del lote 113 de Amatl&#xE1;n.</subfield>
  </datafield>
  <datafield tag="260" ind1=" " ind2=" ">
    <subfield code="a">M&#xE9;xico</subfield>
    <subfield code="b">Compa&#xF1;&#xED;a Mexicana de Petr&#xF3;leo el &#xC1;guila</subfield>
    <subfield code="c">1935</subfield>
  </datafield>
  <datafield tag="300" ind1=" " ind2=" ">
    <subfield code="a">296 p.</subfield>
    <subfield code="b">il.</subfield>
    <subfield code="c">23 cm.</subfield>
  </datafield>
  <datafield tag="500" ind1=" " ind2=" ">
    <subfield code="a">Historia del litigio desde los primeros dispositivos de atraco en contra de El &#xC1;guila hasta el amparo directo que interpuso esta sociedad contra la sentencia pronunciada por la tercera sala del tribunal superior de Justicia del Distrito Federal</subfield>
  </datafield>
  <datafield tag="500" ind1=" " ind2=" ">
    <subfield code="a">7 anexos</subfield>
  </datafield>
  <datafield tag="500" ind1=" " ind2=" ">
    <subfield code="a">Estado f&#xED;sico: Cubierta deteriorada</subfield>
  </datafield>
  <datafield tag="500" ind1=" " ind2=" ">
    <subfield code="a">Ejemplar igual a CFG12</subfield>
  </datafield>
  <datafield tag="500" ind1=" " ind2=" ">
    <subfield code="a">H58</subfield>
  </datafield>
  <datafield tag="610" ind1="2" ind2="4">
    <subfield code="a">Compa&#xF1;&#xED;a Mexicana de Petr&#xF3;leo &#xB4;El Aguila&#xB4;, S. A.</subfield>
    <subfield code="9">11755</subfield>
  </datafield>
  <datafield tag="650" ind1="1" ind2="4">
    <subfield code="a">Amparo</subfield>
    <subfield code="z">M&#xE9;xico</subfield>
    <subfield code="9">11756</subfield>
  </datafield>
  <datafield tag="650" ind1="1" ind2="4">
    <subfield code="a">Industria del petr&#xF3;leo</subfield>
    <subfield code="z">M&#xE9;xico</subfield>
    <subfield code="9">11757</subfield>
  </datafield>
  <datafield tag="650" ind1="1" ind2="4">
    <subfield code="a">Petr&#xF3;leo</subfield>
    <subfield code="x">Legislaci&#xF3;n</subfield>
    <subfield code="9">11758</subfield>
  </datafield>
  <datafield tag="650" ind1="1" ind2="4">
    <subfield code="a">Pozos petroleros</subfield>
    <subfield code="9">11759</subfield>
  </datafield>
  <datafield tag="902" ind1=" " ind2=" ">
    <subfield code="a">GFM</subfield>
  </datafield>
  <datafield tag="942" ind1=" " ind2=" ">
    <subfield code="2">lcc</subfield>
    <subfield code="c">B</subfield>
  </datafield>
  <datafield tag="999" ind1=" " ind2=" ">
    <subfield code="c">4348</subfield>
    <subfield code="d">4348</subfield>
  </datafield>
  <datafield tag="952" ind1=" " ind2=" ">
    <subfield code="0">0</subfield>
    <subfield code="1">0</subfield>
    <subfield code="4">0</subfield>
    <subfield code="7">0</subfield>
    <subfield code="a">BRCA</subfield>
    <subfield code="b">BRCA</subfield>
    <subfield code="d">2010-09-29</subfield>
    <subfield code="i">H58</subfield>
    <subfield code="l">0</subfield>
    <subfield code="o">KGF2714 .C66 2 1935 (H58)</subfield>
    <subfield code="p">4651</subfield>
    <subfield code="r">2019-03-22 00:00:00</subfield>
    <subfield code="w">2019-03-22</subfield>
    <subfield code="y">B</subfield>
  </datafield>
</record>
